[Event "Seefeld op 19th"]
[Site "Seefeld"]
[Date "2008.09.05"]
[Round "1"]
[White "Verwer, Renzo"]
[Black "Jolowicz, Matias"]
[Result "0-1"]
[WhiteElo "1600"]
[BlackElo "2252"]
[PlyCount "46"]
[EventDate "2008.09.05"]
[EventType "swiss"]
[EventRounds "9"]
[EventCountry "AUT"]
[SourceTitle "EXT 2010"]
[Source "ChessBase"]
[SourceDate "2010.11.25"]
[SourceVersion "1"]
[SourceVersionDate "2010.11.25"]
[SourceQuality "1"]

1. e4 Nf6 2. Nc3 d6 3. b3 g6 4. Bb2 Bg7 5. d4 0-0 6. h4 c5 7. e5 Ng4 8. h5 cxd4 9. hxg6 dxc3 10. gxh7+ Kh8 11. Bxc3 Nc6 12. Be2 Ncxe5 13. f4 Nf3+ 14. Bxf3 Bxc3+ 15. Ke2 Qb6 16. Bxg4 Bxg4+ 17. Nf3 Bxa1 18. Qxa1+ f6 19. Rh4 Bxf3+ 20. gxf3 Qb5+ 21. c4 Qf5 22. Qh1 Rf7 23. Rh5 Rxh7 0-1